| 000 | 00981nam a2200241 a 4500 | ||
|---|---|---|---|
| 001 | 000015093 | ||
| 005 | 20260305073950.0 | ||
| 008 | 100201s2004 dr abd 001 0 spa d | ||
| 040 |
_aDO-SdBNP _bspa _cBNPHU |
||
| 082 |
_a551.6 _bR426p |
||
| 110 | 1 |
_aRepública Dominicana. _b Secretaría de Estado de Medio Ambiente y Recursos Naturales _914503 |
|
| 245 | 1 | 0 |
_aPrimera comunicación nacional : _bConvención Marco de Naciones Unidas sobre cambio climático / _cprólogo Frank Moya Pons. |
| 260 |
_aSanto Domingo : _bSecretaría de Estado de Medio Ambiente y Recursos Naturales, _c2004 _fBúho |
||
| 300 |
_a162 p. : _bil., mapas. ; _c29 cm. |
||
| 500 | _aIncluye índice de cuadros, mapas y gráficos | ||
| 504 | _aBibliografía : p. 153-162 | ||
| 650 | 0 |
_aCambios climáticos _933988 |
|
| 650 | 4 |
_aClimatología _93253 |
|
| 650 | 0 |
_aÁreas protegidas _97050 |
|
| 700 | 1 |
_aMoya Pons, Frank, _d1944- _epról. _92095 |
|
| 910 | _aValidado. Control de calidad BNPHU | ||
| 049 | _aBNPD | ||
| 999 |
_c14665 _d14665 |
||